00419nam a2200145Ia 4500008004100000040001900041041001200060082002400072245006200096260002800158300002900186440001800215650002200233850001800255131103s9999 xx 000 0 und d aLoreto College aEnglish a915/ARObLCBED/9571 aAround the worldb a course geography for Indian schools  aMadrasbMacmillanc1982 a74p.b map, pic.c 24cm. aMonica Felton aGeography - world aLCBED/915/ARO